Environmental Science (Record no. 2058)

MARC details
000 -LEADER
fixed length control field 00211nam a22000857a 4500
008 - FIXED-LENGTH DATA ELEMENTS--GENERAL INFORMATION
fixed length control field 160706b xxu||||| |||| 00| 0 eng d
100 ## - MAIN ENTRY--PERSONAL NAME
9 (RLIN) 2382
Personal name Andrew, R.W
245 ## - TITLE STATEMENT
Title Environmental Science
260 ## - PUBLICATION, DISTRIBUTION, ETC. (IMPRINT)
Name of publisher, distributor, etc. Longman
Date of publication, distribution, etc. 1996
Holdings
Withdrawn status Lost status Source of classification or shelving scheme Damaged status Not for loan Home library Current library Shelving location Date acquired Total Checkouts Full call number Barcode Date last seen Price effective from Koha item type
    Dewey Decimal Classification     Good Samaritan School Library Good Samaritan School Library   07/06/2016   500 AND3129 07/06/2016 07/06/2016 BOOK

Powered by Koha